| 000 | 00695nam a2200181 4500 | ||
|---|---|---|---|
| 003 | LK-CoMWRAF | ||
| 005 | 20240216235940.0 | ||
| 008 | 231210b |||||||| |||| 00| 0 eng d | ||
| 020 | _a9789556250329 | ||
| 040 |
_aLK-CoMWRAF _dLK-CoMWRAF _eLK-CoMWRAF |
||
| 041 | _atam | ||
| 082 |
_a297.5 _bILA |
||
| 100 | _aமர்குப், சலிம் | ||
| 245 | _aஇலங்கையின் காதி நீதிமன்ற முதறமைையும் முஸ்ஸிம் பெணகள் ம்தான அதன் தாக்கமும் | ||
| 260 |
_aColombo : _bMuslim Women's Research and Action Forum - MWRAF, _c2001 |
||
| 300 | _a77 p. | ||
| 942 | _cBK | ||
| 999 |
_c4333 _d4333 |
||